000 01067cam a22001694a 4500
005 20250605163653.0
008 250528s ||||||||||||||||||||||||d
035 _a23973
040 _aGR-AtMCL
_bgre
_dGR-AtMCL
_eAACR2
245 1 _aSupply Chain and Logistics / Το Περιοδικό για την Εφοδιαστική Αλυσίδα
260 _bParametros Group
_bScl Magazine,
_c2021
300 _a104
520 _aΈρευνα ΕΥ: Μόνο το 2% των Επιχειρήσεων με Έτοιμη Εφοδιαστική Αλυσίδα Απέναντι στην Πανδημία, Η Εποχή Ενός Βιώσιμου Οικοσυστήματος Έξυπνης Κινητικότητας δεν Είναι Μακριά, Έτος Υποδομών και Μεταφορών το 2021 με Θεσμικές Παρεμβάσεις σε 5 Άξονες, Το 2021 Χρόνια Σταθμός για την Συγκέντρωση του Κλάδου σε Μεγάλους Ομίλους.
942 _cCR
999 _c8884
_d8884